000 00658nas a2200229 i 4500
001 327
003 ES-MaACL
005 20251114135614.0
007 t|
008 950801d19111914ag m| | 1 ||pa d
080 _a008
245 0 0 _aAtlántida
_b: ciencias, letras, arte, historia americana, administración /
_cdir. David Peña.
260 _aBuenos Aires :
_bConi Hermanos,
_c1911-1914.
300 _a6 v. ;
_c26 cm.
310 _aMensual
362 0 _aT. 1 (1911)-[t. 14 (1914)]
650 7 _aCultura
_2embne
_9170963
700 1 _aPeña, David,
_d1862-1930
_990213
852 _aES-MaACL
_jG-6589-94
866 0 _o1911(1912).
999 _c327
_d327